Intellectual Property Rights (Record no. 347662)
[ view plain ]
| 000 -LEADER | |
|---|---|
| fixed length control field | 00456nam a2200169Ia 4500 |
| 008 - FIXED-LENGTH DATA ELEMENTS--GENERAL INFORMATION | |
| fixed length control field | 230718s9999 xx 000 0 und d |
| 020 ## - INTERNATIONAL STANDARD BOOK NUMBER | |
| International Standard Book Number | 9788120349896 |
| 041 ## - LANGUAGE CODE | |
| Language code of text/sound track or separate title | eng |
| 082 ## - DEWEY DECIMAL CLASSIFICATION NUMBER | |
| Classification number | 004.1 |
| Item number | PAN |
| 100 ## - MAIN ENTRY--PERSONAL NAME | |
| Personal name | Pandey N. |
| 9 (RLIN) | 197390 |
| 245 ## - TITLE STATEMENT | |
| Title | Intellectual Property Rights |
| 260 ## - PUBLICATION, DISTRIBUTION, ETC. (IMPRINT) | |
| Date of publication, distribution, etc. | 2014 |
| Name of publisher, distributor, etc. | PHI Learning |
| 300 ## - PHYSICAL DESCRIPTION | |
| Extent | 173 |
| 365 ## - TRADE PRICE | |
| Currency code | Rs. |
| Price amount | 195.00 |
| 700 ## - ADDED ENTRY--PERSONAL NAME | |
| Personal name | Pandey N. & Dharni K. |
| 9 (RLIN) | 197391 |
| 906 ## - LOCAL DATA ELEMENT F, LDF (RLIN) | |
| d | O:0598019-Jul-2018B:531917-Jul-2018 |
| c | TC |
| b | 819 |
| Withdrawn status | Lost status | Damaged status | Not for loan | Home library | Current library | Date acquired | Vendor | Budget Code | Cost, normal purchase price | Bill number | Total Checkouts | Full call number | Barcode | Date last seen | Date last checked out | Discount | Cost, replacement price | Bill Date | Koha item type | Original Barcode |
|---|---|---|---|---|---|---|---|---|---|---|---|---|---|---|---|---|---|---|---|---|
| Cummins College of Engineering for Women Pune | Cummins College of Engineering for Women Pune | 19/07/2018 | Om Book Stall | TC | 140.40 | 5319 | 4 | 004.1 | CCEP-BK-58869 | 20/09/2025 | 18/09/2025 | 819 | 195.00 | 17/07/2018 | Books | 058869 |